000 01544cam a22004574i 4500
003 PE-LiUPU
005 20250731184607.0
008 150616s r 000 0 d
035 _a(Sirsi) a7950
040 _aPE-LiUPU
_bspa
_cPE-LiUPU
_erda
049 _aPRUA
082 0 4 _a932
_bC81
_221
100 1 _aCottrell, Leonard,
_eautor.
245 1 4 _aThe Mountains of Pharaoh: 2,000 years of pyramid exploration.
264 1 _aLondon :
_bRobert Hale,
_c1956.
300 _a272 páginas :
_b22 cm.
336 _atext
_2rdacontent
337 _aunmediated
_2rdamedia
338 _avolume
_2rdacarrier
505 0 _aTwilight of the godss.- Herodotus and the rest.- Arabs with battering-Rams.- European explorers.- Pyramid puzzles.- Belzoni opens the second pyramid.
526 _aP136
526 _aP135
526 _aP134
526 _aP133
526 _aP144
526 _aP143
526 _aP87
526 _aP35
526 _aP20
526 _aP14
526 _aP10
526 _aP06
650 0 4 _aPIRAMIDES - ARQUEOLOGIA - EGIPTO.
910 _ajck
_bjvq
_cjck
942 _2ddc
_cBOOK
949 _a932 C81
_wDEWEY
_c1
_i41583
_lCCODEBUL1
_mBUL
_p00.00
_r0
_sY
_tBOOK
_u19960805
_xTEOLOGIA
_zUNKNOWN
_0COMPRA
_o.STAFF. Colección General
994 _aC0
_bPEPRU
596 _a1
999 _a932 C81
_wDEWEY
_c59248
_i41583
_f2021-11-12
_g5
_lCCODEBUL1
_mBUL
_r0
_sY
_tBOOK
_u2015-6-16
_xTEOLOGIA
_zUNKNOWN
_0COMPRA
_o.STAFF. Colección General
_d59248
980 _81
_gALBERTO SANCHEZ Responsable de Automatización